000 00906nam a2200277Ia 4500
003 OSt
005 20221005103019.0
006 a|||||r|||| 00| 0
007 ta
008 221004b |||||||| |||| 00| 0 hin d
020 _cIndian Rupees 32
024 _a38921
037 _bGift, 29/08/2018,
_cTextual
040 _aCRL
_cCRL
_bhin
041 _2hin
_ahin
082 _aO152,1x, M0
100 _aगुप्त, जगदीश, ले.
245 0 _aछद-शती
246 _aChhada-shatī
260 _aइलाहाबाद
_bलोकभारती प्रकाशन भारत
_c1980
300 _a181पृ0
_ccm.
650 _a हिन्दी साहित्य
650 _aहिन्दी कविता
942 _hO152,1x, M0
_cTEXL
_2cc
999 _c1009290
_d1009290